00670nam a2200157Ia 4500008004100000020001400041040001200055050001100067245024700078260004500325300001800370500001900388504004100407650003000448700003400478 1972ne a er| 001 0|eng d a443009309 aABU, Za aRM 302 0aAdverse drug reactions:btheir prediction, detection and assessment: based on a symposium organised by the Association of Medical Advisers in the Pharmaceutical Industry.cedited by D. J. Richards and R. K. Rondel; forword by Sir Richard Doll aEdinburgh:bChurchill Livingstone,c1972 ax, 182p. ill. aIncludes index aIncludes bibliographical references. aTherapeutics Pharmacology aRondel, R. K.;Richards, D. J.